000 00624nam a2200205 4500
001 116818
003 ES-MaACL
005 20250701021849.0
007 t|
008 061121s1980 sp r ||||1| spa d
100 1 _aPavese, Cesare.
_989679
245 1 3 _aEl oficio de vivir
_b: ; el oficio de poeta /
_cCesare Pavese ; traducción de Esther Benítez.
250 _a1ª ed.
260 _aBarcelona :
_bBruguera,
_c1980.
300 _a507 p. ;
_c18 cm.
700 1 _aBenítez, Esther,
_d1937-2001
_927600
740 0 _aEl oficio de poeta.
852 _aES-MaACL
_jC-13509
_bR.100970
999 _c116818
_d116818